Participative governance (Record no. 53769)

000 -LEADER
fixed length control field 01265pab a2200157 454500
008 - FIXED-LENGTH DATA ELEMENTS--GENERAL INFORMATION
fixed length control field 180718b2002 xxu||||| |||| 00| 0 eng d
100 ## - MAIN ENTRY--PERSONAL NAME
Personal name Singh, Manjiree Manolkar
245 ## - TITLE STATEMENT
Title Participative governance
260 ## - PUBLICATION, DISTRIBUTION, ETC.
Date of publication, distribution, etc. 2002
300 ## - PHYSICAL DESCRIPTION
Extent p.45-48.
362 ## - DATES OF PUBLICATION AND/OR SEQUENTIAL DESIGNATION
Dates of publication and/or sequential designation Jan-Mar
520 ## - SUMMARY, ETC.
Summary, etc. This article is an ideal example of the possible enhancement that the government can achieve with the participation of people in the efficient delivery of public services. `Participative Governance' as the article is aptly named, deals with one such success story, wherein a group of volunteers set up a `Free Information Centre' for citizens at the Pune Tahsil Office for providing information on the preparation of several important documents such as Caste and Age Certificates, Annual Income Certificate, Solvency Certificate, Affidavits, etc. This effort thus did away with the abusive system of agents and brokers and brought about transparency in the functioning of the government. The author, Dr. Manjiree Manolkar Singh, Registrar, YASHADA, was the officer who initiated and ran this project with grit and enthusiasm. According to her, Information is the Key to Good Governance. - Reproduced.
650 ## - SUBJECT ADDED ENTRY--TOPICAL TERM
Topical term or geographic name entry element Public administration
773 ## - HOST ITEM ENTRY
Main entry heading Ashwattha
909 ## -
-- 53769
Holdings
Withdrawn status Lost status Damaged status Not for loan Permanent Location Current Location Date acquired Serial Enumeration / chronology Barcode Date last seen Price effective from Koha item type
        Indian Institute of Public Administration Indian Institute of Public Administration 2018-07-19 Volume no: 2, Issue no: 1 AR54214 2018-07-19 2018-07-19 Articles

Powered by Koha